000 00629nam a2200229Ia 4500
008 101110s9999 xx 000 0 und d
041 _aENGLISH
082 _bJR5348
100 _aChopde, L.N.Choudhari, D.H.
245 _aBook-Keeping and Accountancy XII.Com
260 _c2007
_bNeelkantha Publication House, Mumbai
300 _a350
365 _b64
520 _aCommerce
520 _aReplaced copy by Mr.C.P. Khandekar
546 _aENGLISH
630 _aBook-Keeping and Accountancy XII.Com
650 _aCommerce
655 _aCommerce
730 _aBook-Keeping and Accountancy XII.Com
942 _cBOOK
999 _c796143
_d796140